000 00807nam a2200217Ia 4500
003 GCL
008 140319s9999 xx 000 0 ara d
020 _a0764215977
040 _aGCL /
_cGCL
082 0 4 _a001.55
_bن أ
100 1 _aنسمة احمد البطريق
245 1 0 _aالاعلام والمجتمع فى عصر العولمة :
_bدراسة فى المدخل الاجتماعى /
_cنسمة احمد البطريق
250 _aالاولى
260 _aالقاهرة :
_bدار غريب للطباعة والنشر والتوزيع ،
_c2004
300 _a493ص ؛
_c24سم
650 0 4 _aوسائل الاعلام
650 0 4 _aالعولمة
650 0 4 _aالتليفزيون - الجوانب الاجتماعية
650 0 4 _aالتليفزيون - مصر
942 _2ddc
_cBK
999 _c6821
_d6821